Language Quiz

Random Language or Spanish Quiz

Spanish: Opposite Infinitives Quiz Stats

 Plays Quiz Updated Jan 8, 2016

Score 0/20 Timer 03:00
0 Plays Today
% Correct
vivir
89.7%
multiplicar
89.5%
abrir
82.7%
comprar
82.4%
construir
81.5%
empezar
74.4%
ganar
71.6%
dar
70.8%
preguntar
70%
casarse
69.4%
% Correct
amar
67.6%
ascender
66.8%
recordar
65.6%
llegar
65.5%
reír
61.5%
despertar
58.6%
descansar
56.5%
parar
47.4%
romper
46.5%
empujar
43%

You're not logged in!

Compare scores with friends on all Sporcle quizzes.
OR
Log In

Show Comments

Extras

Top Quizzes Today


Score Distribution

Your Account Isn't Verified!

In order to create a playlist on Sporcle, you need to verify the email address you used during registration. Go to your Sporcle Settings to finish the process.

Report this User

Report this user for behavior that violates our Community Guidelines.

Details: